| 000 | 00863nam a2200265 i 4500 | ||
|---|---|---|---|
| 001 | 88763 | ||
| 003 | ES-MaACL | ||
| 005 | 20250901015451.0 | ||
| 007 | t| | ||
| 008 | 041215s1995 sp ||||1| spa d | ||
| 020 | _a84-7669-227-7 | ||
| 080 | _a17.021.2 | ||
| 080 | _a316.738 | ||
| 100 | 1 |
_aBodei, Remo. _929693 |
|
| 245 | 1 | 4 |
_aUna geometría de las pasiones _b: miedo, esperanza y felicidad: filosofía y uso político / _cRemo Bodei ; traducido del italiano por José Ramón Monreal. |
| 260 |
_aBarcelona : _bMuchnik, _c[1995] |
||
| 300 |
_a682 p. ; _c21 cm. |
||
| 490 | 1 | _aEnsayo | |
| 650 | 7 |
_aEmociones y sentimientos (Filosofía) _2embne _912198 |
|
| 650 | 1 | 4 |
_aContrato social. _911325 |
| 700 | 1 |
_aMonreal, José Ramón, _d1954- _982267 |
|
| 830 | 0 |
_aEnsayo _9177699 |
|
| 852 |
_aES-MaACL _jE-10600 _bR.134822 |
||
| 999 |
_c88763 _d88763 |
||